| 000 | 00554nam a2200241Ia 4500 | ||
|---|---|---|---|
| 008 | 210210b1951 xxu||||| |||| 00| 0 eng d | ||
| 041 | _aeng | ||
| 082 | _a960/107 | ||
| 100 | _a- | ||
| 245 | _aIAS british constitutional history from 1951 to date | ||
| 260 |
_aNew Delhi _bCareers Institute Regd. _c1951 |
||
| 300 | _a18 | ||
| 650 | _ato | ||
| 650 | _aIAS | ||
| 650 | _ahistory | ||
| 650 | _afrom | ||
| 650 | _adate | ||
| 650 | _aconstitutional | ||
| 650 | _abritish | ||
| 650 | _a1951 | ||
| 690 | _aGeneral Knowledge | ||
| 906 | _a002390 | ||
| 999 |
_c121860 _d121860 |
||